000 00431pab a2200157 454500
008 180718b2011 xxu||||| |||| 00| 0 eng d
100 _aArora, Dolly
245 _aReorganizing government: Will functional division and autonomy help improve policy delivery?
260 _c2011
300 _ap.40-49.
362 _aJan-Dec
650 _aAdministrative reform
773 _aAdministrative Change
908 _aN
909 _a94672
999 _c94672
_d94672